عرض عادي
عرض مارك
- Advertising campaigns
مدخل مصطلح موضوعي
001 - رقم الضبط
- حقل الضبط: 15112
003 - معرف رقم الضبط
- حقل الضبط: OSt
005 - تاريخ ووقت أخر عملية
- حقل الضبط: 20120530020925.0
008 - عناصر بيانات ثابتة الطول
- حقل تحكم ثابت الطول: 120530|||a|||||| | ||| d
040 ## - مصدر الفهرسة
- هيئة الفهرسة الأصلية: OSt
- وكالة الكتابة: OSt
150 ## - مدخل-- مصطلح تاريخي
- عنصر مدخل المصطلح الموضوعي او الاسم الجغرافي: Advertising campaigns
- تفريع شكلي: Case studies.
670 ## - بيانات المصدر موجوده
- الاستشهاد بالمصدر: Work cat.: (OSt)0: Springer, Paul. 15110, Ads to icons :, 2009.
